MARC

LEADER 00000nam0a2200000 4500
001 373954
005 20231102012618.0
035 |a (RuTPU)RU\TPU\retro\31386 
035 |a RU\TPU\book\305158 
090 |a 373954 
100 |a 20221216d1980 k y0rusy50 ca 
101 0 |a rus 
102 |a UA 
105 |a a z 001zy 
200 1 |a Основы электромагнитного метода исследования напряжений в анизотропных средах  |f И. П. Васильченко, Б. Л. Пелех  |g Академия наук Украинской ССР (АН УССР), Институт прикладных проблем механики и математики 
210 |a Киев  |c Наукова думка  |d 1980 
215 |a 114 с.  |c ил. 
320 |a Библиогр.: с. 109-113. 
606 1 |a Пластины анизотропные, теория  |2 stltpush  |3 (RuTPU)RU\TPU\subj\49053  |9 67864 
610 1 |a анизотропные среды 
610 1 |a напряжение 
610 1 |a определение 
610 1 |a электромагнитные методы 
610 1 |a аппаратура 
610 1 |a характеристика 
610 1 |a напряженно-деформированное состояние 
675 |a 539.3  |v 3 
700 1 |a Васильченко  |b И. П.  |g Иван Петрович 
701 1 |a Пелех  |b Б. Л.  |g Богдан Любомирович 
712 0 2 |a Академия наук Украинской ССР (АН УССР)  |b Институт прикладных проблем механики и математики  |2 stltpush  |3 (RuTPU)RU\TPU\col\11857 
801 1 |a RU  |b 63413507  |c 20150122 
801 2 |a RU  |b 63413507  |c 20221216  |g RCR 
942 |c BK